000 00318 a2200085 4500
100 1 _aCzapliński, W..
_eAutor
245 0 _aBadania laboratoryjne trwałości przekaźników telefonicznych typu C 11 /
_cCzapliński W..
_nczęść 1
710 2 _aInstytut Łączności.
_eWydawca
_4pbl
260 _aWarszawa :
_bIŁ,
_c1970.
300 _a29 s.;
_c34 cm.
999 _c15545
_d15545